Statistiques concernant Capitales d'Océanie

Cliquez ici pour prendre le quiz!

Statistiques générales

  • Ce quiz a été pris 26 fois
  • Le résultat moyen est 8 sur 14

Statistiques - réponses

Capitales% Correct
Canberra
96%
Wellington
88%
Suva
67%
Funafuti
63%
Port Moresby
58%
Apia
54%
Port-Vila
54%
Yaren
54%
Nuku'alofa
50%
Tarawa-Sud
50%
Honiara
46%
Majuro
42%
Palikir
38%
Melekeok
21%

Distribution des résultats

Percentile par nombre de réponses

% des personnes avec chaque résultat

Votre développement - résultats

Vous n’avez pas pris ce quiz